000 00827nam a2200253 a 4500
001 000024026
003 DO-SdBNP
005 20250219074027.0
007 ta
008 110118e2010 dr a er 000 pdspa d
020 _a9789945460940
040 _aDO-SdBNP
_bspa
_cBNPHU
082 4 _aRD861.5
_bL864g
_222
100 1 _aLópez Larache, José F.
_d1955-
_949368
245 1 4 _aLas Garzas del batey no tienen apellido /
_cJosé F. López Larache; edición, Isael Pérez,
260 _aSnato Domingo :
_bSantuario,
_c2010
300 _a87 p. :
_bil. ;
_c23 cm.
500 _aIncluye datos biográficos del autor en la solapa de la cubierta.
590 _aInventariado 2023 / MF
650 4 _aPoesía dominicana
_966
650 0 _aLiteratura dominicana.
_967
700 1 _aPérez, Isael,
_d1961-
_eed.
_91414
942 _2ddc
_cLBS1
999 _c23521
_d23521